La Chine et le Japon politiques / (Record no. 50783)

MARC details
000 -LEADER
campo de control de longitud fija 00506nam a2200169 i 4500
001 - NÚMERO DE CONTROL
campo de control 50783
003 - IDENTIFICADOR DE NÚMERO DE CONTROL
campo de control ES-MaACL
005 - FECHA Y HORA DE LA ÚLTIMA TRANSACCIÓN
campo de control 20240117062947.0
007 - CAMPO FIJO DE DESCRIPCIÓN FÍSICA--INFORMACIÓN GENERAL
campo de control de longitud fija t|
008 - DATOS DE LONGITUD FIJA--INFORMACIÓN GENERAL
campo de control de longitud fija 030806s1921 fr ||||1| fre d
100 ## - ENTRADA PRINCIPAL--NOMBRE DE PERSONA
Nombre de persona Challaye, Felicien,
Fechas asociadas al nombre 1875-1967
9 (RLIN) 186620
245 13 - MENCIÓN DEL TÍTULO
Título La Chine et le Japon politiques /
Mención de responsabilidad, etc. Felicien Challaye.
260 ## - PUBLICACIÓN, DISTRIBUCIÓN, ETC.
Lugar de publicación, distribución, etc. Paris :
Nombre del editor, distribuidor, etc. [s.n.],
Fecha de publicación, distribución, etc. 1921 (
Lugar de fabricación/manufactura Evreux :
Fabricante Ch. Herissey)
300 ## - DESCRIPCIÓN FÍSICA
Extensión VIII, 324 p. ;
Dimensiones 19 cm.
852 ## - LOCALIZACIÓN
Ubicación ES-MaACL
Número de control de estantería F-12834
Holdings
Estatus retirado Estado de pérdida Estado de daño No para préstamo Biblioteca de origen Biblioteca actual Ubicación en estantería Fecha de adquisición Fuente de adquisición Total de préstamos Signatura topográfica completa Código de barras Visto por última vez Precio de reemplazo Tipo de ítem Koha
        Biblioteca del Ateneo de Madrid Biblioteca del Ateneo de Madrid Sala Pecera Planta 2 17/01/2008     F-12834 1053413 23/02/2023 23/02/2023 Libro impreso